| 000 | 00322pam a2200133 a 4500 | ||
|---|---|---|---|
| 020 | _c | ||
| 041 | _h | ||
| 082 |
_a708 _bVAD |
||
| 100 | _aRam kumar . | ||
| 245 |
_aPen and Ink Drawing of Ramkumar _hTextual Documents |
||
| 260 |
_a[s.l]: _bVadhera Art Gallery , Delhi, _c2012. |
||
| 300 |
_a100: _bHard. |
||
| 930 | _a6995 | ||
| 999 |
_c240785 _d240785 |
||